Top 10 Shot Blockers NBA 2025 - Statistics

General Stats
  • This quiz has been taken 124 times
  • The average score is 3 of 10
Answer Stats
# Answer % Correct
1 Victor Wembanyama
100%
4 Chet Holmgren
63%
9 Brook Lopez
57%
2 Walker Kessler
44%
5 Daniel Gafford
30%
7 Goga Bitadze
5%
3 Mo Bamba
5%
6 Jonathan Isaac
4%
8 Alex Len
3%
10 Ariel Hukporti
2%
No matching quizzes found
Score Distribution
Percent of People with Each Score
Percentile by Number Answered
Your Score History
You have not taken this quiz